• 首页
  • 本馆介绍
  • 公告通知
  • 最新文献
  • 馆藏检索
  • 电子资源
  • 读者导购
  • 参考咨询
  • 我的图书馆
  • 登录
  • 详细信息显示
  • 放入我的书架
  • 预约/预借图书
  • 作者相关作品
  • 分类相关作品
  • 丛书相关作品
  • 出版社相关作品

书目信息

  • 表格格式
  • 工作单格式
  • 卡片格式
题名:
新型彩电及电脑显示器故障检修实例
    
 
作者: 李玉密 编著
分册:  
出版信息: 北京   国防工业出版社  2005
页数: 28,345页
开本: 26cm
丛书名:
单 册:
中图分类: TN141.3
科图分类:
主题词: 彩色电视--电视接收机--维修 , 彩色电视 , 电视接收机 , 微型计算机--显示器--维修 , 显示器 , 微型计算机 , 电子束管 , X射线管 , 阴级射线管
电子资源:
ISBN: 7-118-03687-0
000 00990nam0 2200313 450
001 002807748
005 20061101110052.21
010    @a7-118-03687-0@dCNY34.00
100    @a20050205d2005 em y0chiy0110 ea
101 0  @achi
102    @aCN@b110000
105    @ay z 000yy
200 1  @a新型彩电及电脑显示器故障检修实例@9xin xing cai dian ji dian nao xian shi qi gu zhang jian xiu shi li@f李玉密编著
210    @a北京@c国防工业出版社@d2005
215    @a28,345页@d26cm
330    @a本书内容包括开关电源,行、场扫描,微处理器控制,高频调谐,图像与伴音处理,亮度与色度处理,末级视放及显像管等方面的故障实例。
606 0  @a彩色电视@x电视接收机@x维修
606 0  @a彩色电视
606 0  @a电视接收机
606 0  @a微型计算机@x显示器@x维修
606 0  @a显示器
606 0  @a微型计算机
606 0  @a电子束管
606 0  @aX射线管
606 0  @a阴级射线管
690    @aTN141.3@v3
701  0 @a李玉密@9li yu mi@4编著
801  0 @aCN@bNLC@c20061101
905    @a10447@dTN141.3@e19
    
    新型彩电及电脑显示器故障检修实例/李玉密编著.-北京:国防工业出版社,2005
    28,345页;26cm
    
    
    ISBN 7-118-03687-0:CNY34.00
    本书内容包括开关电源,行、场扫描,微处理器控制,高频调谐,图像与伴音处理,亮度与色度处理,末级视放及显像管等方面的故障实例。
●
相关链接 在E读中查询图书 在五车中查询图书 在当当中查询图书 在豆瓣中查询图书


正题名:新型彩电及电脑显示器故障检修实例     索取号:TN141.3/19         预约/预借

序号 登录号 条形码 馆藏地/架位号 状态 备注
1 0387065   203870659   第二样本阅览室/ [索取号:TN141.3/19] 在馆    
2 0387066   203870668   第三借阅区/ [索取号:TN141.3/19] 在馆    
3 0387067   203870677   第三借阅区/ [索取号:TN141.3/19] 在馆    
唐山师范学院图书馆 欢迎您!
大连网信软件有限公司© 版权所有